[Event "PRO League Group Stage"]
[Site "chess.com INT"]
[Date "2019.02.14"]
[Round "6"]
[White "Martirosyan, Haik M."]
[Black "Chigaev, Maksim"]
[Result "0-1"]
[WhiteTitle "GM"]
[BlackTitle "GM"]
[WhiteElo "2607"]
[BlackElo "2604"]
[WhiteTeam "Armenia Eagles"]
[BlackTeam "Estonia Horses"]
[WhiteFideId "13306553"]
[BlackFideId "4108116"]
[EventDate "2019.01.08"]

1. d4 Nf6 2. c4 g6 3. Nf3 Bg7 4. g3 O-O 5. Bg2 d5 6. cxd5 Nxd5 7. O-O Nc6 8. Nc3
e5 9. Bg5 Nxc3 10. bxc3 f6 11. Bc1 e4 12. Nd2 f5 13. e3 Rf7 14. Rb1 b6 15. c4
Na5 16. Bb2 c5 17. d5 Bxb2 18. Rxb2 Nb7 19. f3 exf3 20. Qxf3 Nd6 21. Rbb1 Ba6
22. e4 Qe7 23. exf5 Rxf5 24. Qc3 Qe5 25. Qxe5 Rxe5 26. Rbe1 Rae8 27. Rxe5 Rxe5
28. Bh3 Kg7 29. Nf3 Re3 30. Ng5 Bxc4 31. Rc1 Bxd5 32. Rd1 Re5 33. Bg2 Bxg2 34.
Rxd6 Rxg5 35. Rd7+ Kf6 36. h4 Rxg3 0-1

[Event "PRO League Group Stage"]
[Site "chess.com INT"]
[Date "2019.02.14"]
[Round "6"]
[White "Andriasian, Zaven"]
[Black "Khanin, Semen"]
[Result "1-0"]
[WhiteTitle "GM"]
[BlackTitle "IM"]
[WhiteElo "2604"]
[BlackElo "2514"]
[WhiteTeam "Armenia Eagles"]
[BlackTeam "Moscow Phoenix"]
[WhiteFideId "13302000"]
[BlackFideId "4111990"]
[EventDate "2019.01.08"]

1. e4 e5 2. Nf3 Nf6 3. Nxe5 d6 4. Nf3 Nxe4 5. Nc3 Nf6 6. d4 Be7 7. h3 O-O 8. Bd3
Re8 9. O-O b6 10. d5 Bb7 11. Nd4 a6 12. Re1 Bf8 13. Bg5 Rxe1+ 14. Qxe1 Nbd7 15.
Nc6 Qe8 16. Qd2 Ne5 17. Bxf6 gxf6 18. Nd4 Nxd3 19. Qxd3 Qe5 20. Nf3 Qh5 21. Re1
Qg6 22. Re4 Bc8 23. Nh4 Qg5 24. Nf3 Qg6 25. Qe3 Bd7 26. Kh2 f5 27. Rc4 Re8 28.
Qd3 Rc8 29. a4 Bg7 30. b3 b5 31. axb5 axb5 32. Rb4 f4 33. Qd2 c5 34. dxc6 Bxc6
35. Nd5 Re8 36. Rxf4 Re4 37. Rg4 Qe6 38. Nf4 Qh6 39. Rh4 Qf6 40. Nh5 Qg6 41.
Nxg7 Qxg7 42. Qxd6 Re6 43. Qb8+ Re8 44. Qf4 Bxf3 45. Qxf3 Kh8 46. Rg4 Qe5+ 47.
Qf4 Qxf4+ 48. Rxf4 Kg7 49. Rb4 Re2 50. Kg3 Rxc2 51. Rxb5 Rb2 52. Rb7 Kg6 53. Kf3
h5 54. h4 Rb1 55. Rb6+ f6 56. g3 Rb2 57. Ke3 Rc2 58. Rd6 Kf5 59. Rd5+ Kg6 60.
Rd2 Rc3+ 61. Rd3 Rc2 62. Kf3 Rb2 63. Kg2 Kf5 64. Rf3+ Ke5 65. Kf1 f5 66. Ke1 Ke4
67. Rf4+ Kd3 68. Kf1 1-0

[Event "PRO League Group Stage"]
[Site "chess.com INT"]
[Date "2019.02.14"]
[Round "6"]
[White "Afanasiev, Nikita"]
[Black "Sargsyan, Anna M."]
[Result "0-1"]
[WhiteTitle "FM"]
[BlackTitle "WFM"]
[WhiteElo "2508"]
[BlackElo "2339"]
[WhiteTeam "Moscow Phoenix"]
[BlackTeam "Armenia Eagles"]
[WhiteFideId "24183555"]
[BlackFideId "13308130"]
[EventDate "2019.01.08"]

1. Nf3 d5 2. d4 Nf6 3. c4 c6 4. Nc3 dxc4 5. a4 Bf5 6. Ne5 Nbd7 7. Nxc4 Qc7 8. g3
e5 9. dxe5 Nxe5 10. Bf4 Nfd7 11. Bg2 g5 12. Ne3 gxf4 13. Nxf5 O-O-O 14. Qc2 Nc5
15. O-O fxg3 16. hxg3 a5 17. Rad1 h5 18. Rxd8+ Qxd8 19. Rd1 Qf6 20. Rd4 Kb8 21.
Bh3 Ne6 22. Rd1 Ng4 23. Qe4 Rg8 24. Bxg4 Rxg4 25. Qf3 Ng5 26. Qd3 Bc5 27. Kg2 h4
28. Qd8+ Qxd8 29. Rxd8+ Kc7 30. Rg8 h3+ 31. Kf1 Nf3 32. Rh8 Nd2+ 33. Ke1 Nc4 34.
f4 Nxb2 35. Ne4 Bb4+ 36. Kf2 Rg6 37. Rxh3 Nxa4 38. Rh7 Nc3 39. Rxf7+ Kb6 40. Nd2
Nd1+ 41. Kf3 Bxd2 42. Rd7 Ne3 43. Nh4 Rg8 44. Rxd2 Nf1 45. Rb2+ Ka6 46. Nf5 a4
47. e4 b5 48. e5 a3 49. Rc2 b4 50. e6 b3 51. Rxc6+ Kb7 52. Rc3 Nd2+ 53. Ke3 b2
54. Nd6+ Kb6 55. Nc8+ Rxc8 56. Rxc8 b1=Q 57. Rb8+ Kc7 58. Rxb1 Nxb1 59. e7 Kd7
60. Kd3 a2 0-1

[Event "PRO League Group Stage"]
[Site "chess.com INT"]
[Date "2019.02.14"]
[Round "6"]
[White "Bivol, Alina"]
[Black "Sargsyan, Shant"]
[Result "0-1"]
[WhiteTitle "WGM"]
[BlackTitle "IM"]
[WhiteElo "2393"]
[BlackElo "2486"]
[WhiteTeam "Moscow Phoenix"]
[BlackTeam "Armenia Eagles"]
[WhiteFideId "4100123"]
[BlackFideId "13306766"]
[EventDate "2019.01.08"]

1. Nf3 d5 2. g3 g6 3. Bg2 Bg7 4. d4 Nf6 5. O-O O-O 6. Nbd2 a5 7. c4 c6 8. e3 Bf5
9. Qe2 a4 10. h3 Ne4 11. Nh4 Nxd2 12. Bxd2 Be6 13. c5 b6 14. cxb6 Qxb6 15. Bc3
Nd7 16. f4 f5 17. Rfc1 Nf6 18. Be1 Ne4 19. Nf3 Rfc8 20. Ng5 Nxg5 21. fxg5 c5 22.
dxc5 Qxb2 23. Qd3 Rxc5 24. Rxc5 Qxa1 25. Qd2 Rd8 26. Kh2 d4 27. Qa5 Rf8 28. Rc6
Bf7 29. exd4 Qxa2 30. d5 Be5 31. Ra6 Qe2 32. Ra7 f4 33. gxf4 Bxf4+ 34. Kh1 Bb8
35. Ra8 Qe5 36. Kg1 Qh2+ 0-1

[Event "PRO League Group Stage"]
[Site "chess.com INT"]
[Date "2019.02.14"]
[Round "6"]
[White "Ehlvest, Jaan"]
[Black "Jobava, Baadur"]
[Result "1/2-1/2"]
[WhiteTitle "GM"]
[BlackTitle "GM"]
[WhiteElo "2521"]
[BlackElo "2629"]
[WhiteTeam "Estonia Horses"]
[BlackTeam "Tbilisi Gentlemen"]
[WhiteFideId "4500016"]
[BlackFideId "13601520"]
[EventDate "2019.01.08"]

1. e4 c6 2. Nc3 d5 3. Nf3 Bg4 4. h3 Bxf3 5. Qxf3 e6 6. Be2 g6 7. d3 Nd7 8. O-O
h5 9. d4 Bh6 10. Be3 Qf6 11. Qg3 O-O-O 12. Bd3 h4 13. Qg4 Ne7 14. a4 Qg7 15.
exd5 f5 16. Qe2 exd5 17. Bxh6 Rxh6 18. Rfe1 Rh7 19. a5 Qxd4 20. Na4 Nc5 21. Red1
Ne4 22. Bxe4 Qxe4 23. Qd2 d4 24. Nc5 Qe5 25. b4 Nd5 26. Qxd4 Qxd4 27. Rxd4 Re8
28. Kf1 Rhe7 29. Rxh4 g5 30. Rd4 g4 31. Nd3 Rh7 32. Re1 Rxe1+ 33. Kxe1 gxh3 34.
gxh3 Rxh3 35. c4 Nxb4 36. Nxb4 c5 37. Rd5 cxb4 38. Rxf5 Rc3 39. Rc5+ Kd7 40. Kd2
Kd6 41. Rb5 Kc6 42. Rxb4 Ra3 43. Rb5 Rf3 44. Rh5 Rxf2+ 45. Kc3 1/2-1/2

[Event "PRO League Group Stage"]
[Site "chess.com INT"]
[Date "2019.02.14"]
[Round "6"]
[White "Meshkovs, Nikita"]
[Black "Jojua, Davit"]
[Result "1/2-1/2"]
[WhiteTitle "GM"]
[BlackTitle "GM"]
[WhiteElo "2557"]
[BlackElo "2588"]
[WhiteTeam "Estonia Horses"]
[BlackTeam "Tbilisi Gentlemen"]
[WhiteFideId "11602740"]
[BlackFideId "13602543"]
[EventDate "2019.01.08"]

1. c4 g6 2. Nc3 Bg7 3. g3 c5 4. Bg2 e6 5. d3 Ne7 6. h4 h6 7. Be3 d6 8. Nh3 Nbc6
9. Nf4 b6 10. Qa4 Qd7 11. g4 Bb7 12. Bf3 O-O-O 13. O-O-O Kb8 14. Rhg1 Qc8 15.
Kb1 Nd4 16. Bxd4 cxd4 17. Ne4 Be5 18. Ng2 f5 19. Nd2 Rdf8 20. g5 h5 21. Rc1 Bc6
22. Qa3 Rd8 23. b4 Ka8 24. Rc2 Qb7 25. b5 Bxf3 26. Nxf3 Rc8 27. Nge1 Rc5 28. Nd2
Bg7 29. Nb3 Rcc8 30. Qxd6 e5 31. Nf3 Rhd8 32. Qe6 Qc7 33. Rgc1 e4 34. dxe4 d3
35. exd3 Rxd3 36. Ne1 Rh3 37. c5 Qe5 38. Qxe5 Bxe5 39. exf5 Nxf5 40. Re2 Bf4 41.
Rc4 Rxh4 42. Re6 Bxg5 43. Rxh4 Bxh4 44. c6 Bxf2 45. Nd3 Bg3 46. Rxg6 h4 47. Rg5
Nd6 48. Rh5 a6 49. a4 axb5 50. axb5 Nxb5 51. Rxb5 Rxc6 52. Rh5 Rc3 53. Nbc1 Kb7
54. Kb2 Rc6 55. Ne2 Re6 56. Nd4 Rd6 57. Rh7+ Kc8 58. Kc3 Rd7 59. Rh8+ Rd8 60.
Rh5 Rd7 61. Kc4 Rc7+ 62. Kd5 Rd7+ 63. Ke4 Re7+ 64. Kf5 Rd7 65. Rh8+ Rd8 66.
Rxd8+ Kxd8 67. Kg4 Kd7 1/2-1/2

[Event "PRO League Group Stage"]
[Site "chess.com INT"]
[Date "2019.02.14"]
[Round "6"]
[White "Pantsulaia, Levan"]
[Black "Chukavin, Kirill"]
[Result "1/2-1/2"]
[WhiteTitle "GM"]
[BlackTitle "FM"]
[WhiteElo "2597"]
[BlackElo "2307"]
[WhiteTeam "Tbilisi Gentlemen"]
[BlackTeam "Estonia Horses"]
[WhiteFideId "13602071"]
[BlackFideId "4503023"]
[EventDate "2019.01.08"]

1. Nf3 Nf6 2. g3 d5 3. Bg2 e6 4. O-O Be7 5. c4 O-O 6. b3 c5 7. Bb2 Nc6 8. e3 d4
9. exd4 cxd4 10. Re1 Ne8 11. d3 Nc7 12. a3 a5 13. Nbd2 Rb8 14. Ne5 Nxe5 15. Rxe5
b5 16. Re4 Bf6 17. Nf3 Bb7 18. Rxd4 Bxd4 19. Nxd4 Bxg2 20. Kxg2 bxc4 21. dxc4 e5
22. Nc6 Qxd1 23. Rxd1 Rxb3 24. Bxe5 Ne6 25. c5 Rxa3 26. Ne7+ Kh8 27. c6 f6 28.
Bd6 Rd8 29. c7 Nxc7 30. Nc6 Rxd6 31. Rxd6 h6 32. h4 h5 33. Rd7 Ne6 34. Rd5 a4
35. Ne7 g5 36. Rd6 Nc5 37. Rxf6 gxh4 38. Rh6+ Kg7 39. Nf5+ Kf7 40. Rxh5 hxg3 41.
Nd6+ Ke6 42. Nb5 Ra1 43. Rxc5 gxf2 44. Kxf2 a3 45. Nd4+ Kd6 46. Ra5 a2 47. Nc2
Rh1 48. Rxa2 Rh3 49. Ke2 Ke5 50. Ra4 Rb3 51. Ne3 Rb1 52. Kf3 Rb5 53. Rh4 Rb3 54.
Rh5+ Kd6 55. Ke4 Rb4+ 56. Kd3 Rf4 57. Ra5 Ke6 58. Ra6+ Ke5 59. Nc4+ Kd5 60. Ra5+
Ke6 61. Rc5 Rh4 62. Re5+ Kf6 63. Re1 Kf5 64. Nd6+ Kf6 65. Ne4+ Kf5 66. Kd4 Rf4
67. Kd5 Rf3 68. Nd6+ Kf4 69. Re4+ Kg3 70. Nc4 Rd3+ 71. Ke5 Rd8 72. Nd6 Kf3 73.
Rd4 Ra8 74. Rd3+ Ke2 75. Kd4 Rd8 76. Ke4 Ra8 77. Re3+ Kd2 78. Nc4+ Kc2 79. Rh3
Re8+ 80. Ne5 Rd8 81. Nc6 Rd6 82. Nd4+ Kb2 83. Rh2+ Kb1 84. Kd3 Rd8 85. Rg2 Rd7
86. Rg6 Rd8 87. Kc3 Rc8+ 88. Nc6 Ka2 89. Kb4 Kb2 90. Rg2+ Kc1 91. Ne5 Kd1 92.
Nc4 Ke1 93. Kc3 Kf1 94. Rb2 Rd8 95. Ne5 Rd5 96. Ng4 Rd8 97. Ne3+ Ke1 98. Nf5 Kf1
99. Nd4 Kg1 100. Kd3 Re8 101. Nf3+ Kf1 102. Ng5 Rd8+ 103. Ke3 Re8+ 104. Ne4 Rd8
105. Rb5 Kg1 106. Rg5+ Kh2 107. Rg6 Re8 108. Kf2 Kh3 109. Kf3 Rh8 110. Nf2+ Kh4
111. Ne4 Kh5 112. Rg2 Rf8+ 113. Ke3 Rf7 114. Kd4 Rf8 115. Ke5 Kh4 116. Nf6 Kh3
117. Rg6 Ra8 118. Kf4 Rf8 119. Kf3 Kh4 120. Rg4+ Kh3 121. Rf4 Rf7 122. Kf2 Ra7
123. Nd5 1/2-1/2

[Event "PRO League Group Stage"]
[Site "chess.com INT"]
[Date "2019.02.14"]
[Round "6"]
[White "Volkov, Nika"]
[Black "Burg, Twan"]
[Result "1-0"]
[BlackTitle "GM"]
[WhiteElo "2153"]
[BlackElo "2514"]
[WhiteTeam "Tbilisi Gentlemen"]
[BlackTeam "Estonia Horses"]
[WhiteFideId "13604376"]
[BlackFideId "1010697"]
[EventDate "2019.01.08"]

1. d4 Nf6 2. c4 e6 3. Nc3 Bb4 4. e3 O-O 5. Nf3 d5 6. cxd5 exd5 7. Bd3 c6 8. Ne5
Nbd7 9. O-O Qe7 10. f4 Nxe5 11. fxe5 Nd7 12. Ne2 f6 13. Qc2 g6 14. e4 fxe5 15.
Bh6 Rf6 16. exd5 cxd5 17. Rxf6 Nxf6 18. Rf1 e4 19. Bb5 Bf5 20. Ng3 Be6 21. Bg5
Rf8 22. Qf2 Kg7 23. Qf4 Rf7 24. Bh6+ Kg8 25. Qb8+ 1-0

[Event "PRO League Group Stage"]
[Site "chess.com INT"]
[Date "2019.02.14"]
[Round "6"]
[White "Gupta, Abhijeet"]
[Black "Oparin, Grigoriy"]
[Result "0-1"]
[WhiteTitle "GM"]
[BlackTitle "GM"]
[WhiteElo "2581"]
[BlackElo "2613"]
[WhiteTeam "Delhi Dynamite"]
[BlackTeam "Volga Stormbringers"]
[WhiteFideId "5010608"]
[BlackFideId "24125890"]
[EventDate "2019.01.08"]

1. Nf3 Nf6 2. g3 b6 3. Bg2 Bb7 4. O-O e6 5. c4 Be7 6. d4 O-O 7. Re1 Na6 8. Bg5
c5 9. Nc3 cxd4 10. Qxd4 h6 11. Be3 Rc8 12. Red1 Bc5 13. Qd2 Bxe3 14. Qxe3 Rxc4
15. Ne5 Rc7 16. Nb5 Bxg2 17. Nxc7 Bb7 18. Nxa6 Bxa6 19. Rd6 Qc7 20. Rad1 Nd5 21.
R1xd5 exd5 22. Rxd7 Qc2 23. Kg2 Bxe2 24. Rxd5 Bc4 25. Rd2 Qc1 26. Nxc4 Qxc4 27.
b3 Qc6+ 28. Qf3 Qe6 29. Rc2 Rd8 30. h4 g6 31. Rc7 a5 32. Qc6 Qd5+ 33. Qxd5 Rxd5
34. Rc6 b5 35. h5 Rxh5 36. Ra6 b4 37. g4 Rc5 38. Kg3 h5 39. gxh5 Rxh5 40. f3 Kg7
41. Kg4 Rc5 42. Kf4 f6 43. Ra7+ Kh6 44. Ra6 g5+ 45. Ke4 Re5+ 46. Kd3 Kg6 47. Ra8
Kf5 48. Ra6 Re6 49. Rxa5+ Kf4 50. Ra4 Kxf3 51. Rxb4 g4 52. Rb5 g3 53. Rf5+ Kg4
54. Rf1 f5 55. a4 f4 56. a5 g2 0-1

[Event "PRO League Group Stage"]
[Site "chess.com INT"]
[Date "2019.02.14"]
[Round "6"]
[White "Narayanan, S.L."]
[Black "Frolyanov, Dmitry"]
[Result "0-1"]
[WhiteTitle "GM"]
[BlackTitle "GM"]
[WhiteElo "2575"]
[BlackElo "2517"]
[WhiteTeam "Delhi Dynamite"]
[BlackTeam "Volga Stormbringers"]
[WhiteFideId "5058422"]
[BlackFideId "4151976"]
[EventDate "2019.01.08"]

1. d4 d5 2. c4 e6 3. Nf3 c6 4. Nbd2 f5 5. g3 Nf6 6. Bg2 Bd6 7. O-O O-O 8. Ne5 b6
9. Ndf3 Bb7 10. Bf4 Qe7 11. Rc1 Nbd7 12. cxd5 cxd5 13. Qa4 Rfd8 14. Rc2 Nf8 15.
Rfc1 Qe8 16. Qb3 Rac8 17. Nd3 Rxc2 18. Rxc2 Bxf4 19. Nxf4 Rc8 20. Ne5 N6d7 21.
Nf3 Rxc2 22. Qxc2 Qc8 23. Qd2 Nf6 24. Ne5 Qc7 25. h4 Bc8 26. Bf3 Bd7 27. Qb4 Bc8
28. h5 a6 29. Kg2 Ne8 30. Qb3 Nd6 31. Bxd5 exd5 32. Nxd5 Qb7 33. e4 Be6 34. Qb4
Bxd5 35. Qxd6 Bxe4+ 36. f3 Bd5 37. h6 gxh6 38. Qxh6 Bf7 39. Qf6 Ng6 40. Qd8+ Kg7
41. Nd7 Qc6 42. Nxb6 f4 43. Nd7 Qd6 44. g4 Qxd4 45. b3 Qd2+ 46. Kh3 Qf2 47. Qf6+
Kh6 48. g5+ Kh5 0-1

[Event "PRO League Group Stage"]
[Site "chess.com INT"]
[Date "2019.02.14"]
[Round "6"]
[White "Bryakin, Mikhail"]
[Black "Grover, Sahaj"]
[Result "1/2-1/2"]
[WhiteTitle "FM"]
[BlackTitle "GM"]
[WhiteElo "2426"]
[BlackElo "2511"]
[WhiteTeam "Volga Stormbringers"]
[BlackTeam "Delhi Dynamite"]
[WhiteFideId "4165314"]
[BlackFideId "5021103"]
[EventDate "2019.01.08"]

1. d4 Nf6 2. c4 e6 3. g3 d5 4. Bg2 dxc4 5. Nf3 Bb4+ 6. Bd2 c5 7. a3 Bxd2+ 8.
Nbxd2 cxd4 9. Nxc4 Nc6 10. O-O O-O 11. Rc1 d3 12. Qxd3 Qxd3 13. exd3 Rd8 14.
Rfd1 Rb8 15. Nce5 Bd7 16. d4 Be8 17. b4 Ne7 18. h3 Rbc8 19. Ng5 Rxd4 20. Bxb7
Rxd1+ 21. Rxd1 Rc7 22. Bg2 Nfd5 23. Ne4 Rc2 24. Nc5 a5 25. Rb1 Nc3 26. Ra1 Ned5
27. Bf1 Ne2+ 28. Bxe2 Rxe2 29. Ned3 a4 30. Nf4 Nxf4 31. gxf4 Kf8 32. Rc1 Ke7 33.
Rc3 Bc6 34. Nd3 Bb5 35. Ne5 f6 36. Rc5 Be8 37. Nc4 Rc2 38. Nb6 Rxc5 39. bxc5 Kd8
40. Nc4 Kc7 41. Na5 Kb8 42. Nc4 Bb5 43. Nd6 Bd7 44. Nc4 Kb7 45. Na5+ Ka6 46. c6
Bc8 47. Nc4 Kb5 48. Nd6+ Kxc6 49. Nxc8 Kc7 50. Na7 Kb6 51. Nc8+ Kc7 52. Na7 Kb6
53. Nc8+ Kc7 54. Na7 Kb6 1/2-1/2

[Event "PRO League Group Stage"]
[Site "chess.com INT"]
[Date "2019.02.14"]
[Round "6"]
[White "Ivlev, Aleksey"]
[Black "Manu, David Suthandram R"]
[Result "1/2-1/2"]
[WhiteTitle "FM"]
[WhiteElo "2326"]
[BlackElo "2252"]
[WhiteTeam "Volga Stormbringers"]
[BlackTeam "Delhi Dynamite"]
[WhiteFideId "24185949"]
[BlackFideId "35019562"]
[EventDate "2019.01.08"]

1. d4 Nf6 2. c4 e6 3. Nf3 d5 4. Nc3 c5 5. cxd5 exd5 6. g3 Nc6 7. Bg2 Bg4 8. Ne5
cxd4 9. Nxg4 dxc3 10. Nxf6+ Qxf6 11. bxc3 Qxc3+ 12. Bd2 Qf6 13. O-O Bc5 14. Qb3
O-O 15. Qxd5 Bxf2+ 16. Kh1 Rad8 17. Bg5 Qxa1 18. Rxa1 Rxd5 19. Bxd5 Re8 20. Rb1
Bb6 21. e4 h6 22. Bd2 Re7 23. a4 Rd7 24. Bc3 Ne7 25. Ba2 Rd3 26. Be1 Nc6 27. Bd5
Ra3 28. a5 Nxa5 29. Bxa5 Rxa5 30. Bxb7 Kf8 31. Bd5 Ke7 32. Kg2 Ra4 33. Kf3 Rd4
34. Ke2 f5 35. Rd1 Rxd1 36. Kxd1 Kd6 37. Ba8 fxe4 38. Bxe4 Ke5 39. Bc6 Bg1 40.
h3 Bh2 41. g4 Kf4 42. Ke2 Kg3 43. Bd7 Kxh3 44. g5+ Kg3 45. gxh6 gxh6 46. Kf1 h5
47. Be8 h4 48. Bd7 h3 49. Be8 Kh4 50. Bd7 Bc7 51. Kg1 h2+ 52. Kh1 Kg3 53. Be8
Kf2 54. Bd7 a5 55. Be8 Ke3 56. Bd7 Kd4 57. Be8 Kc3 58. Bd7 Kb4 59. Be8 a4 60.
Bxa4 Kxa4 61. Kg2 1/2-1/2

[Event "PRO League Group Stage"]
[Site "chess.com INT"]
[Date "2019.02.14"]
[Round "6"]
[White "Dobrov, Vladimir"]
[Black "Adhiban, Baskaran"]
[Result "1-0"]
[WhiteTitle "GM"]
[BlackTitle "GM"]
[WhiteElo "2478"]
[BlackElo "2689"]
[WhiteTeam "Moscow Wizards"]
[BlackTeam "Mumbai Movers"]
[WhiteFideId "4136594"]
[BlackFideId "5018471"]
[EventDate "2019.01.08"]

1. d4 d5 2. c4 e6 3. Nc3 c6 4. e3 Nf6 5. Nf3 Nbd7 6. Qc2 Bd6 7. Bd3 O-O 8. O-O
dxc4 9. Bxc4 b5 10. Bd3 Bb7 11. a3 Rc8 12. Rd1 c5 13. Bxb5 Bxf3 14. gxf3 Nd5 15.
Nxd5 cxd4 16. Qe2 exd5 17. Rxd4 Nc5 18. Qd1 Qg5+ 19. Kf1 Bxh2 20. Rxd5 Qg1+ 21.
Ke2 Qg2 22. Bd2 a6 23. Bb4 axb5 24. Bxc5 Rfe8 25. Qh1 Qg6 26. Qd1 Be5 27. Qd3
Qg2 28. Rd1 h5 29. b4 g6 30. Rd7 Bg3 31. Rf1 Bh4 32. Qd5 Re6 33. Qb7 Rce8 34.
Rxf7 Bf6 35. Rh7 Be7 36. Rxe7 1-0

[Event "PRO League Group Stage"]
[Site "chess.com INT"]
[Date "2019.02.14"]
[Round "6"]
[White "Grigoriants, Sergey"]
[Black "Ghosh, Diptayan"]
[Result "1-0"]
[WhiteTitle "GM"]
[BlackTitle "GM"]
[WhiteElo "2541"]
[BlackElo "2544"]
[WhiteTeam "Moscow Wizards"]
[BlackTeam "Mumbai Movers"]
[WhiteFideId "4130804"]
[BlackFideId "5045207"]
[EventDate "2019.01.08"]

1. d4 Nf6 2. c4 e6 3. Nf3 b6 4. g3 Ba6 5. b3 d5 6. cxd5 exd5 7. Bg2 Bb4+ 8. Bd2
Be7 9. O-O O-O 10. Nc3 Re8 11. a4 Bb4 12. Ne5 c5 13. Nd3 Bxd3 14. exd3 Nc6 15.
dxc5 bxc5 16. Rc1 Nd4 17. Be3 Ne6 18. d4 Rc8 19. Ne2 Qb6 20. Qd3 Red8 21. Bh3
Rc6 22. Qb5 Rdc8 23. Bxe6 fxe6 24. Nf4 cxd4 25. Rxc6 Qxc6 26. Bxd4 a5 27. Qe2
Re8 28. Bxf6 gxf6 29. Qg4+ Kh8 30. Nh5 Rg8 31. Qf4 Be7 32. Rc1 Qb6 33. Nxf6 Rf8
34. Nd7 Rxf4 35. Nxb6 Rb4 36. Rc7 Bf6 37. Rc6 Bd4 38. Nd7 Rxb3 39. Rxe6 Rb2 40.
Re8+ Kg7 41. Rf8 Rb7 42. Rf4 Bc3 43. Nc5 Re7 44. Rf3 Bd4 45. Nd3 Rb7 46. Nf4 Bc5
47. Ne6+ 1-0

[Event "PRO League Group Stage"]
[Site "chess.com INT"]
[Date "2019.02.14"]
[Round "6"]
[White "Mohammad, Nubairshah Shaikh"]
[Black "Usmanov, Vasily"]
[Result "1/2-1/2"]
[WhiteTitle "IM"]
[BlackTitle "IM"]
[WhiteElo "2437"]
[BlackElo "2450"]
[WhiteTeam "Mumbai Movers"]
[BlackTeam "Moscow Wizards"]
[WhiteFideId "5053196"]
[BlackFideId "4135741"]
[EventDate "2019.01.08"]

1. d4 Nf6 2. c4 e6 3. Nc3 d5 4. cxd5 exd5 5. Bg5 c6 6. e3 Bf5 7. Qf3 Bg6 8. Bxf6
Qxf6 9. Qxf6 gxf6 10. h4 h5 11. Nh3 Bd6 12. g3 Nd7 13. Nf4 a5 14. O-O-O Ke7 15.
Bd3 Bxf4 16. gxf4 Bxd3 17. Rxd3 f5 18. f3 Rag8 19. e4 fxe4 20. fxe4 dxe4 21.
Nxe4 Rg4 22. Re1 Kf8 23. Nd6 Nf6 24. Nxb7 Rxh4 25. Nxa5 Rxf4 26. Nxc6 h4 27. Rh3
Ne4 28. d5 Rh5 29. Rhe3 Nd6 30. Re5 Rh6 31. Rg5 h3 32. Ne5 Ne4 33. Nd7+ Ke7 34.
Nc5 Kf6 35. Nxe4+ Rxe4 36. Rgg1 Rxe1+ 37. Rxe1 h2 38. Rh1 Ke5 39. Kc2 Kxd5 40.
a4 Kc4 41. Kd2 Kb4 42. Ke3 Kxa4 43. Kf3 Kb3 44. Kg3 Kxb2 45. Rxh2+ Rxh2 46. Kxh2
Kc3 47. Kg3 Kd4 48. Kf4 Kd5 49. Kf5 Kd6 50. Kf6 Kd7 51. Kxf7 1/2-1/2

[Event "PRO League Group Stage"]
[Site "chess.com INT"]
[Date "2019.02.14"]
[Round "6"]
[White "Aditya, Mittal"]
[Black "Seliverstov, Vladimir"]
[Result "0-1"]
[WhiteTitle "CM"]
[BlackTitle "IM"]
[WhiteElo "2251"]
[BlackElo "2462"]
[WhiteTeam "Mumbai Movers"]
[BlackTeam "Moscow Wizards"]
[WhiteFideId "35042025"]
[BlackFideId "4192036"]
[EventDate "2019.01.08"]

1. d4 Nf6 2. c4 g6 3. Nc3 Bg7 4. e4 d6 5. Be2 O-O 6. Nf3 Bg4 7. Be3 Nc6 8. d5
Bxf3 9. Bxf3 Na5 10. Be2 Nd7 11. h4 Nb6 12. Bd4 Bxd4 13. Qxd4 e5 14. Qd3 Naxc4
15. a4 c6 16. b3 Na5 17. Rb1 cxd5 18. exd5 f5 19. b4 Nac4 20. a5 Na3 21. Rb3
Nbc4 22. Nd1 e4 23. Qc3 Rc8 24. Rxa3 Nxa3 25. Qxa3 Qf6 26. h5 Rc2 27. hxg6 hxg6
28. Ne3 Rc3 29. Qb2 Rxe3 30. Qxf6 Rxe2+ 31. Kxe2 Rxf6 32. Rc1 a6 33. Ke3 Kg7 34.
Kf4 Rf7 35. Kg5 f4 36. Re1 Rf5+ 37. Kg4 Re5 38. Kxf4 g5+ 39. Kg4 Kf6 40. Re3
Rxd5 41. Rxe4 Rd2 42. Kf3 d5 43. Re8 Rb2 44. Rd8 Ke5 45. Rg8 Rxb4 46. Rxg5+ Ke6
47. Rg6+ Ke5 48. Rg5+ Kd6 49. Rg6+ Kc5 50. g4 d4 51. Rb6 Rxb6 52. axb6 a5 53. g5
Kd5 54. Ke2 a4 0-1

[Event "PRO League Group Stage"]
[Site "chess.com INT"]
[Date "2019.02.14"]
[Round "6"]
[White "Chigaev, Maksim"]
[Black "Andriasian, Zaven"]
[Result "0-1"]
[WhiteTitle "GM"]
[BlackTitle "GM"]
[WhiteElo "2604"]
[BlackElo "2604"]
[WhiteTeam "Estonia Horses"]
[BlackTeam "Armenia Eagles"]
[WhiteFideId "4108116"]
[BlackFideId "13302000"]
[EventDate "2019.01.08"]

1. e4 e5 2. Nf3 Nc6 3. Bc4 Nf6 4. d3 Bc5 5. O-O d6 6. c3 O-O 7. a4 a5 8. Bg5 h6
9. Bh4 Be6 10. Nbd2 Qe7 11. Bd5 g5 12. Nxg5 Nxd5 13. Nxe6 Qxh4 14. Nxc5 Nxc3 15.
bxc3 dxc5 16. Nc4 Rad8 17. Ne3 Ne7 18. g3 Qg5 19. Kh1 Qg6 20. f4 f5 21. Qb3+ Qf7
22. Qxb7 Rxd3 23. Rae1 exf4 24. Rxf4 Qe6 25. Qxc7 Rc8 26. exf5 Rxe3 27. Rxe3
Qd5+ 0-1

[Event "PRO League Group Stage"]
[Site "chess.com INT"]
[Date "2019.02.14"]
[Round "6"]
[White "Khanin, Semen"]
[Black "Martirosyan, Haik M."]
[Result "0-1"]
[WhiteTitle "IM"]
[BlackTitle "GM"]
[WhiteElo "2514"]
[BlackElo "2607"]
[WhiteTeam "Moscow Phoenix"]
[BlackTeam "Armenia Eagles"]
[WhiteFideId "4111990"]
[BlackFideId "13306553"]
[EventDate "2019.01.08"]

1. e4 e5 2. Nf3 Nc6 3. Bc4 Bc5 4. O-O Nf6 5. d3 O-O 6. a4 a6 7. c3 d6 8. Bg5 h6
9. Bh4 g5 10. Bg3 Ba7 11. Re1 Be6 12. Na3 Kg7 13. Nc2 Bxc4 14. dxc4 Ne7 15. b4
Ng6 16. h3 Nh5 17. Kh1 Nhf4 18. Nh2 h5 19. Ne3 Bxe3 20. fxe3 h4 21. Bf2 Ne6 22.
Rf1 a5 23. Ng4 f6 24. Qd5 Qd7 25. Qxb7 Ne7 26. Nxf6 Kxf6 27. Bxh4+ Kg7 28. Rxf8
Rxf8 29. Bg3 Qc6 30. Qxc6 Nxc6 31. Rb1 Rb8 32. Be1 Nc5 33. g4 Nd3 34. Bd2 axb4
35. cxb4 Ndxb4 36. a5 Na6 37. Rb5 Na7 38. Rxb8 Nxb8 39. Kg2 Na6 40. Kf3 Kf6 41.
Be1 Nc6 42. h4 gxh4 43. Bxh4+ Kg6 44. Be1 Nd8 45. Bh4 Ne6 46. Be7 Ng5+ 47. Bxg5
Kxg5 48. Kg3 Nc5 49. Kf3 Kh4 50. Kf2 Nxe4+ 51. Ke2 Nc5 0-1